Revue économique

Uložené v:
Podrobná bibliografia
Médium: Seriál
Jazyk:French
Vydavateľské údaje: Paris Presses de la Fondation Nationale des Sciences Politiques 1994
Predmet:
Tagy: Pridať tag
Žiadne tagy, Buďte prvý, kto otaguje tento záznam!

MARC

LEADER 00000nas2a2200000 4500
001 s018099
005 20240109100002.0
022 |a 0033-2764 
041 0 |a fre 
044 |a FR 
245 1 0 |a Revue économique 
264 1 |a Paris  |b Presses de la Fondation Nationale des Sciences Politiques  |c 1994 
300 |a 3 zv. 
773 0 |w eu_un_cat*s120270 
610 2 0 |a ekonómia politická 
610 2 0 |a rozvoj hospodársky